000 01122cad a22002415a 4500
001 L152357
008 110225e20110218xxkd f s 000 0 eng d
035 _a(Sirsi) u152357
041 0 _aeng
050 0 4 _a333.33 $2 18
110 2 _aRoyal Institution of Chartered Surveyors
_bEconomics
_95033
245 0 0 _aRICS global real estate weekly
_b25 February 2011
_h[electronic resource]
260 _aLondon
_bRICS
_c2011
490 0 _aRICS Global Real Estate Weekly
_v25 February 2011
520 _aUS commercial property prices looking for some traction. Russian commercial property market is strong but uncertainties are emerging. Singapore budget highlights downside risks for 2011. Spanish housing market has yet to find bottom.
590 _aKA
650 2 4 _aRICS GLOBAL REAL ESTATE WEEKLY
651 4 _aInternational
690 _aPROPERTY-RESIDENTIAL PROPERTY-RESIDENTIAL PROPERTY MARKET
690 _aPROPERTY-COMMERCIAL PROPERTY-COMMERCIAL PROPERTY MARKET
856 4 0 _uhttps://www.rics.org/site/download_feed.aspx?fileID=8865&fileExtension=PDF
_zView the report free of charge at www.rics.org
942 _n0
999 _c112016
_d112016